Arlesheim als Residenz des Basler Domkapitels

Titel: Arlesheim als Residenz des Basler Domkapitels : in Erinnerung an die Anfänge des Fürstbistums Basel vor 1000 Jahren ; Ausstellung 10. April bis 26. Juni 1999 im Ortsmuseum Trotte in Arlesheim / Freunde des Domes zu Arlesheim
Körperschaft:
Veröffentlicht: Arlesheim : Verein der Freunde des Domes zu Arlesheim, c 1999
Umfang: 94 S. : Ill. ; 17 x 22 cm
Format: Buch
Sprache: Deutsch
Schlagworte:
Kein Bild verfügbar
X
alg: 9119695
001A    $06000:03-05-00 
001B    $03036:30-01-19 $t12:41:45.000 
001C    $06000:03-05-00 $t18:26:19.394 
001D    $06000:03-05-00 
001U    $0utf8 
001X    $00 
002@    $0Aaxaf 
003@    $0091196957 
004A    $fkart. 
006G    $0958825785 
006U    $000,B20,0037 
007A    $0958825785 $aDNB 
007T    $0ArchMa02213 
010@    $ager 
011@    $a1999 $nc 1999 
015@    $00 
017A    $asf 
019@    $ach 
021A    $aArlesheim als Residenz des Basler Domkapitels $din Erinnerung an die Anfänge des Fürstbistums Basel vor 1000 Jahren ; Ausstellung 10. April bis 26. Juni 1999 im Ortsmuseum Trotte in Arlesheim $hFreunde des Domes zu Arlesheim 
029F    $#Ortsmuseum Trotte $#Trotte Arlesheim $#Ortsmuseum Arlesheim $72136415-1 $8Ortsmuseum Trotte$gArlesheim [Tb1] $9043802273 
029F/01 $#Freunde des Domes zu Arlesheim $#Verein Freunde des Domes zu Arlesheim $#Verein der Freunde des Domes Arlesheim $72160226-8 $8Verein der Freunde des Domes zu Arlesheim [Tb1] $9050665561 
033A    $pArlesheim $nVerein der Freunde des Domes zu Arlesheim 
034D    $a94 S. 
034I    $a17 x 22 cm 
034M    $aIll. 
044K    $#Katholische Kirche, Diözese Basel, Diözesankonferenz $#Katholische Kirche, Diözese Basel, Synode $#Katholische Kirche, Diözese Basel, Bischof $#Katholische Kirche, Diözese Basel, Ordinariat $#Katholische Kirche, Diocèse de Bâle $#Diocèse de Bâle $#Diözese Basel $#Bistum Basel $#Katholische Kirche, Diözese Basel, Bischöfliches Ordinariat $#Bischof von Basel $#Bischöfliches Ordinariat Solothurn $#Katholische Kirche, Bischöfliches Ordinariat Solothurn $#Katholische Kirche, Bischof von Basel $#Évêché de Bâle $#Katholische Kirche, Évêché de Bâle $71088819036 $8Katholische Kirche$bDiözese Basel [Tb1] $9374166951 
044K    $#Gemeinde Arlesheim $74002929-3 $8Arlesheim [Tg1] $9084999578 
045E    $a12 $a63 

lok: 9119695 105

exp: 9119695 105 1 #EPN
201B/01 $030-01-19 $t12:41:45.000 
201C/01 $030-01-19 
201U/01 $0utf8 
203@/01 $01042213364 
208@/01 $a13-12-18 $be 
209A/01 $a/ $f106 $x00 
247C/01 $8->Marburg, Bibliographie zum Archivwesen der Archivschule Marburg $939588196X
LEADER 00000cam a22000002c 4500
001 091196957
003 DE-603
005 20190130124145.0
007 tu
008 000503s1999 xx |||| | u00||u|ger
015 |a 00,B20,0037  |2 dnb 
016 7 |2 DE-101  |a 958825785 
035 |a (DE-599)DNB958825785 
040 |a DE-603  |b ger  |c DE-603  |d DE-603 
041 |a ger 
084 |a 12  |a 63  |q DE-101  |2 sdnb 
090 |a b 
245 0 0 |a Arlesheim als Residenz des Basler Domkapitels  |b in Erinnerung an die Anfänge des Fürstbistums Basel vor 1000 Jahren ; Ausstellung 10. April bis 26. Juni 1999 im Ortsmuseum Trotte in Arlesheim  |c Freunde des Domes zu Arlesheim 
264 1 |a Arlesheim  |b Verein der Freunde des Domes zu Arlesheim  |c c 1999 
300 |a 94 S.  |b Ill.  |c 17 x 22 cm 
610 1 7 |a Katholische Kirche  |b Diözese Basel  |2 gnd  |0 (DE-588)1088819036  |0 (DE-603)374166951 
651 7 |a Arlesheim  |0 (DE-588)4002929-3  |0 (DE-603)084999578  |2 gnd 
710 2 |a Ortsmuseum Trotte  |g Arlesheim  |0 (DE-603)043802273  |0 (DE-588)2136415-1  |2 gnd 
710 2 |a Verein der Freunde des Domes zu Arlesheim  |0 (DE-603)050665561  |0 (DE-588)2160226-8  |2 gnd 
924 0 |9 -  |a (DE-603)1042213364  |b DE-  |c HES  |d d  |g /